| 000 | 01319nam a22001817a 4500 | ||
|---|---|---|---|
| 008 | 140912b xxu||||| |||| 00| 0 eng d | ||
| 020 | _a0406930589 | ||
| 050 | _aKD1554.C47 | ||
| 100 | _aFurmston, M.P. | ||
| 245 |
_aCheshire, fifoot and firmston's law of contract: _bHistorical introduction. / _cM.P. Furmston |
||
| 250 | _a14th ed. | ||
| 260 |
_aLondon: _bButterworth, _c2001. |
||
| 300 |
_alxi, 762p. _c25cm. |
||
| 500 | _aIncludes index | ||
| 505 | _aContents: Historical introduction -- Some factors affecting modern contract law -- The Phenomena of agreement -- Consideration -- Intention to create legal relations -- The Contents of the contract -- Unenforceable contracts -- Mistake -- Misrepresentation, duress and undue influence -- Contracts rendered void by statute -- Contracts illegal by statute or at common law -- Contracts void at common law on grounds of public policy -- Capacity of parties -- Privity of contract -- Privity of contract under the law of agency -- The Voluntary assignment of contractual rights and liabilities -- The Involuntary assignment on contractual rights and liabilities -- Performance and breach -- Discharge by agreement -- Discharge under the doctrine of frustration -- Remedies for breach of contract -- Quasi-contract. | ||
| 600 | _2Law of contract | ||
| 942 |
_2lcc _cBK |
||
| 999 |
_c4756 _d12256 |
||